000 00764nam a22002177a 4500
005 20251108171830.0
008 250721s9999 xx 000 0 ara d
082 1 4 _a320.5/شهي
100 1 _aأبو شهيوة، مالك عبيد
245 1 0 _aالأيدولوجيا والسياسة :
_bدراسات في الأيدولوجيات السياسية المعاصرة /
250 _aالثانية
264 1 _aبنغازي :
_bالدار الجماهيرية للنشر،
_c[19-].
300 _a470ص
650 1 7 _aالمذاهب السياسية
650 1 7 _aالأيديولوجيا
650 1 7 _aالسياسة
700 1 _aخلف، محمود محمد
700 1 _aخشيم، مصطفى عبد الله
942 _2ddc
_cBK
999 _c63754
_d63754